Представление документа в формате MARC21

Поле Инд. ПП Название Значение
Тип записи a
Библиографический уровень m
001 Контрольный номер RU/IS/BASE/311852155
005 Дата корректировки 20220805121050.2
040 b Код языка каталог. rus
041 0_ a Код языка текста rus
080 a Индекс УДК 004.42
084 a Индекс другой классификации/Индекс ББК 32.973.26-018.2
090 a Полочн. индекс 681.3
c Каталожный индекс 681.3.06
x Авторский знак И30
097 b Оператор 11
100 1_ a Автор Йенсен П. А.
245 10 a Заглавие Потоковое программирование
c Ответственность пер. с англ. Ю. Е. Малашенко ; под ред. И. А. Ушакова
260 a Место издания М.
b Издательство Радио и связь
c Дата издания 1984
300 a Объем 391 с.
510 a Примечание о ссылках Книги и методические пособия
650 a Основная рубрика 50.05 Теоретические основы программирования
x Основная подрубрика 50.05.13 Технология программирования. Автоматизация программирования
653 a Ключевые слова программирование; теория графов
700 1_ a Другие авторы Барнес Д. В.
901 t Тип документа m